000
00391nam a2200145Ia 4500
008
100204s9999 xx 000 0 und d
082
_b
18348
100
_a
कदम बा.
245
_a
सुरुंग
260
_b
"दिलीप प्रकाशन , पुणे"
_c
1990
300
_a
354
630
_a
सुरुंग
730
_a
सुरुंग
942
_c
BOOK
999
_c
462771
_d
462768